Thực hành phân loại thực vật
Uloženo v:
| Hlavní autor: | |
|---|---|
| Další autoři: | |
| Médium: | Kniha |
| Vydáno: |
Hà Nội
Giáo dục
2003
|
| Vydání: | Tái bản lần thứ 3 |
| Témata: | |
| Tagy: |
Přidat tag
Žádné tagy, Buďte první, kdo otaguje tento záznam!
|
| Thư viện lưu trữ: | Trung tâm Học liệu Lê Vũ Hùng, Trường Đại học Đồng Tháp |
|---|
| LEADER | 00780pam a22002418a 4500 | ||
|---|---|---|---|
| 001 | 00043461 | ||
| 005 | 20190102140157.0 | ||
| 008 | 110427s2006 ||||||Viesd | ||
| 041 | 0 | # | |a Vie |
| 082 | 1 | 4 | |a 580.1 |b TH552H |
| 100 | 0 | # | |a Hoàng, Thị Sản |e chủ biên |
| 245 | 0 | 0 | |a Thực hành phân loại thực vật |c Hoàng Thị Sản; Hoàng Thị Bé |
| 250 | # | # | |a Tái bản lần thứ 3 |
| 260 | # | # | |a Hà Nội |b Giáo dục |c 2003 |
| 300 | # | # | |a 163 tr. |c 27 cm. |
| 653 | # | # | |a Giáo trình |
| 653 | # | # | |a Phân loại |
| 653 | # | # | |a Thực hành |
| 653 | # | # | |a Thực vật |
| 700 | 0 | # | |a Hoàng, Thị Bé |
| 852 | # | # | |j KGT.0055660 |
| 910 | # | # | |d 2/1/2019 |
| 980 | # | # | |a Trung tâm Học liệu Lê Vũ Hùng, Trường Đại học Đồng Tháp |